000 00529nam a22001937a 4500
005 20250515164023.0
010 _aENG-144915
020 _c150.00
035 _aEN-128427
037 _bDBAD
082 _a23.2
100 _aParanjpe,Sangeeta H
_981212
245 _aTHE BHAGWAT GEETA
_cSangeeta H,Paranjpe
260 _aMumbai
_bSangeeta H Paranjpe
_c2012
270 _a44/101,Amrutvani,15th Road
_bMumbai
_e400071
_k9930464705
300 _a297p.
_c21cm(pb)
760 _b1
942 _2ddc
_cEN
_h23.2
_mPSH
999 _c211292
_d211292